书目信息

书名: 微生态 
作者: 袁杰力 主编 ;刁宏燕 王悦 编写
出版信息: 北京   北京大学出版社  2021.8
开本页数: 23cm  18, 236页
丛书名:
单 册:
中图分类: Q93 R16
科图分类:
主题词: 肠道微生物--chang dao wei sheng wu--关系--健康
电子资源:
ISBN: 978-7-301-32235-2
000 01439nam0 2200313 450
001 012022000660
005 20221101094806.5
010    @a978-7-301-32235-2@dCNY48.00
100    @a20210812d2021 em y0chiy50 ea
101 @achi
102    @aCN@b110000
105    @ak a 000yy
106    @ar
200 @a微生态@Awei sheng tai@e生命健康的基石@f主编袁杰力
210    @a北京@c北京大学出版社@d2021.8
215    @a18, 236页@d23cm
300    @a北京市科学技术协会科普创作出版资金资助
314    @a本书编写人员: 刁宏燕, 王悦, 王兴国, 王荣华, 邓燕杰等
320    @a有书目 (第231-236页)
330    @a全书以通俗易懂、生动的语言, 利用问答的形式, 选取读者日常需要了解、期待了解以及还存在认识误区的微生态学、益生菌应用知识进行了简明、清晰的介绍。通过本书的阅读, 读者对什么是人体的微生态系统, 人体有哪些微生态系统, 人体各部位微生态失衡会有怎样的表现, 应该怎么维护好身体各微生态系统的平衡将有初步的、较为清晰的认识。图书内容贴近普通读者的现实生活, 回答读者在日常生活中面临的与身体微生态状态及微生态健康相关的问题, 将为读者日常生活中面临相关问题提供指南和知识参考。
517 @a生命健康的基石@Asheng ming jian kang de ji shi
606 @a肠道微生物@Achang dao wei sheng wu@x关系@x健康
690    @aQ93@v5
690    @aR16@v5
701  0 @a袁杰力@Ayuan jie li@4主编
702  0 @a刁宏燕@Adiao hong yan@4编写
702  0 @a王悦@Awang yue@4编写
801  0 @aCN@bCDNYKJZYXY@c20221101
905    @aCDNYKJZYXY@b300673494-6@dQ93@e66@f3
    
    微生态:生命健康的基石/主编袁杰力.-北京:北京大学出版社,2021.8
    18, 236页;23cm
    北京市科学技术协会科普创作出版资金资助
    
    ISBN 978-7-301-32235-2:CNY48.00
    全书以通俗易懂、生动的语言, 利用问答的形式, 选取读者日常需要了解、期待了解以及还存在认识误区的微生态学、益生菌应用知识进行了简明、清晰的介绍。通过本书的阅读, 读者对什么是人体的微生态系统, 人体有哪些微生态系统, 人体各部位微生态失衡会有怎样的表现, 应该怎么维护好身体各微生态系统的平衡将有初步的、较为清晰的认识。图书内容贴近普通读者的现实生活, 回答读者在日常生活中面临的与身体微生态状态及微生态健康相关的问题, 将为读者日常生活中面临相关问题提供指南和知识参考。
相关链接 在五车中查询图书 在当当中查询图书 在豆瓣中查询图书


正题名:微生态     索取号:Q93/66         预约/预借

序号 登录号 条形码 馆藏地/架位号 状态 备注
1 673494   300673494   柳城-4楼/4架3列2层/ [索取号:Q93/66] 在馆    
2 673495   300673495   柳城-4楼/4架3列2层/ [索取号:Q93/66] 在馆    
3 673496   300673496   柳城-4楼/4架3列2层/ [索取号:Q93/66] 在馆